Statistics for Slowest Growing Countries

Click here to take the quiz!

General Stats

  • This quiz has been taken 38 times
  • The average score is 9 of 15

Answer Stats

AnswerChange (%)% Correct
Ukraine-4.3
83%
Bulgaria-7.1
66%
Latvia-8.2
66%
Lithuania-10.5
66%
Romania-7.1
66%
Bosnia & Herz.-2.0
63%
Estonia-2.8
63%
Japan-1.8
63%
Greece-3.2
60%
Hungary-3.3
60%
Serbia-4.2
60%
Croatia-3.6
57%
Portugal-4.0
43%
Georgia-6.4
34%
Andorra-16.7
26%

Score Distribution

Percentile by Number Answered

Percent of People with Each Score

Your Score History

You have not taken this quiz